| 000 | 00867cam a2200205 4500 | ||
|---|---|---|---|
| 001 | ABS62529 | ||
| 008 | 000000n2000 000 0 eng u | ||
| 035 | _a(Sirsi) u106472 | ||
| 100 | _aHolden, G. | ||
| 245 | _aHomebuyer reports: overcoming frequent faults | ||
| 260 | _c2000 | ||
| 490 |
_aCSM _bChartered Surveyor Monthly _vJune 2000, 15(1) |
||
| 520 | _aOutlines some of the problems in surveyors' preparation of Homebuyer reports. Recent Homebuyer report writing workshops showed that the most frequent faults include breaches of mandatory professional obligations and the contract with the client. Offers advice on how to deal with these flaws. | ||
| 590 | _aABS | ||
| 650 | _aRICS HOMEBUYER SURVEY AND VALUATION | ||
| 650 | _aSURVEYORS | ||
| 650 | _aRESIDENTIAL SURVEYS | ||
| 690 | _aMANAGEMENT-BUSINESS MANAGEMENT-PROFESSIONAL PRACTICE | ||
| 942 | _n0 | ||
| 999 |
_c63779 _d63779 |
||